La familia en la España mediterranea: siglos XV-XIX

Uloženo v:
Podrobná bibliografie
Hlavní autoři: Casey, James (Autor), Chacón, Francisco (Autor), Gacto Fernández, Enrique (Autor), Moll, Isabel (Autor), Pla, Primitivo J (Autor), Simón, Antoni (Autor), Vincent, Bernard (Autor)
Médium: Kniha
Jazyk:španělština
Vydáno: Barcelona Crítica 1987
Témata:
Tagy: Přidat tag
Žádné tagy, Buďte první, kdo vytvoří štítek k tomuto záznamu!

MARC

LEADER 00000nam a2200000 a 4500
001 UCX1726
003 CL-VaPUC
008 901025e19870000SP |||||||||||||||||spa|d
082 0 4 |a 306.85  |b CAS  |2 21 
100 0 |a Casey, James  |e author  |9 317355 
700 0 |a Chacón, Francisco  |e author  |9 317356 
700 |a Gacto Fernández, Enrique  |e author  |9 418915 
700 0 |a Moll, Isabel  |e author  |9 317358 
700 0 |a Pla, Primitivo J  |e author  |9 317359 
700 0 |a Simón, Antoni  |e author  |9 317360 
700 0 |a Vincent, Bernard  |e author  |9 317361 
245 1 3 |a La familia en la España mediterranea: siglos XV-XIX 
300 |a 290 p 
942 |c BK 
945 |d 19901025 00:00:00 
260 |a Barcelona  |b Crítica  |c 1987 
650 0 |a Familias   |9 255641 
650 7 |a HISTORIA SIGLOS 15-19  |2 CL-VaPUC  |9 317362 
650 0 |a Aspectos sociales  |9 254894 
650 7 |a GRUPO FAMILIAR  |2 CL-VaPUC  |9 317363 
650 7 |a MATRIMONIO  |2 CL-VaPUC  |9 317364 
650 0 |a Estructura familiar  |9 317365 
650 0 |a Zonas rurales  |9 317366 
651 0 |a España  |9 254926 
583 |a last modification  |c 20180227 01:56:28  |k Rodrigo Vera 
999 |c 222895  |d 222893 
952 |0 0  |1 0  |4 0  |6 306_850000000000000_CAS_1987  |7 0  |8 A  |9 218191  |a BIBHIS  |b BIBHIS  |d 2019-11-15  |i 2870282  |o 306.85 CAS 1987  |p 2870282  |r 2025-01-20  |w 2019-11-15  |y BK  |k HIS